000 00542nam a2200193Ia 4500
005 20250326141818.0
008 250326s9999 xx 000 0 und d
037 _aTextbook
040 _aFMSL
_beng
_cFMSL
041 _aeng
_2eng
084 _aSIGMA:f M8
_qFMSL
100 _aWilkinson T S
245 0 _aMethodology and techniques of social research
_cWilkinson T S; Bhandarkar P L
250 _a4
260 _aBombay
_bBombay, Himalya
_c1984
300 _a447p
942 _cTB
_hSIGMA:f M8
999 _c1292094
_d1292094